000 00663nam a2200229 a 4500
001 52326
003 BD-RjUL
005 20211209075803.0
008 160919s2003 ii ||||| |||| 00| 0 eng d
020 _a8122900143
035 _a(BD-RjUL)52446
040 _aBD-RjUL
_beng
_cBD-RjUL
041 _aeng
082 _223
_a300.071
_bSHC 2003
100 1 _aSharma, R.N.
_9156594
245 1 0 _aContemporary Teaching of Social Studies /
_cR.N.Sharma
260 _aNew Delhi :
_bSurjeet Publications,
_c2003.
300 _a397 p. ;
_b23 cm.
504 _aIncludes Bibliography and Reference
650 _aSocial sciences
_xStudy and teaching
_9156595
942 _2ddc
_cBK
999 _c52326
_d52326